000 01154nam a22001937a 4500
003 JO-AjAnu
005 20240708091433.0
008 240706b jo ||||| |||| 00| 0 ara d
040 _cJO-AjAnu
041 _aARA
100 1 _aالبطاينة، مرام ماجد هايل البطاينة
_966014
_eمعد
245 0 _aاثر رقمنة العمليات الإدارية في جودة حياة العمل للعاملين في شركة الكهرباء الأردنية = The impact of Digitizing Administrative process on Quality of Work Life Employees at joranian Electricity Company /
_cاعداد مرام ماجد هايل البطاينة ؛إشراف بلال احمد المثاني
260 _c2024
300 _a110 ورقة
500 _a رسالة جامعية (ماجستير) .- جامعة عجلون الوطنية (عجلون، الأردن)، كلية الأعمال ، تخصص ادارة الاعمال، 2024
650 0 _aالعمليات الادارية - ادارة المعلومات
_966016
700 1 _aالبطاينة، مرام ماجد هايل البطاينة
_966014
_eمشرف
942 _2lcc
_cTHS
_n0
999 _c33562
_d33562